الدراسات الأدبية الاسلوب القرآن الكريم في العصر الحديث /
Saved in:
| Main Author: | |
|---|---|
| Other Authors: | |
| Format: | Thesis |
| Language: | Arabic |
| Published: |
al-Urdun :
al-Jami'ah al-Urduniyah,
2001.
|
| Subjects: | |
| Tags: |
Add Tag
No Tags, Be the first to tag this record!
|
| LEADER | 015150000a22003130004500 | ||
|---|---|---|---|
| 008 | 101025s2001 jp f00 0000 00ara d | ||
| 040 | |a UIAM |b eng | ||
| 041 | |a ara | ||
| 050 | |a BP131.58 | ||
| 100 | 1 | |a أشقر، محمد أحمد | |
| 242 | 1 | 3 | |a al-Dirasat al-adabiyah li-uslub al-Qur'an al-karim fi al-'asr al-hadith |
| 245 | 1 | 2 | |a الدراسات الأدبية الاسلوب القرآن الكريم في العصر الحديث / |c اعداد محمد أحمد الأشقر |
| 260 | |a al-Urdun : |b al-Jami'ah al-Urduniyah, |c 2001. | ||
| 300 | |a 146 leaves ; |c 30 cm. | ||
| 500 | |a "قدةت هذه الرسالة استكمالا لمطلبات درجة الدكتورة في اللغة العربية وآدابها "On t.p. | ||
| 500 | |a Abstract in English. | ||
| 502 | |a Thesis (M.A.)--Jami'at al-Urduniyah, 2001 | ||
| 504 | |a Includes bibliographical references (leaves 141-145). | ||
| 596 | |a 1 | ||
| 630 | |a Qur'an |x Language, style Study and teaching | ||
| 630 | |a Qur'an |x Study and teaching | ||
| 650 | |a Qur'an as literature | ||
| 655 | |a Theses, Facsimile edition (Islamic) | ||
| 700 | |a Ashqar, Muhammad Ahmad | ||
| 710 | |a Jami'ah al-Urduniyah. |b Kulliyat al-Dirasat al-'Ulya | ||
| 710 | |a جامعة الأردنية. |b كلية الدراسات العليا | ||
| 900 | |a sz-ami | ||
| 999 | |c 433065 |d 466776 | ||
| 952 | |0 0 |6 TI BP 000131.000085 A000827D 002001 |7 0 |8 THESES |9 753835 |a IIUM |b IIUM |c MULTIMEDIA |g 290.00 |o ti BP 131.85 A827D 2001 |p 00011149213 |r 2017-10-23 |t 1 |v 290.00 |y THESIS | ||
